| 000 | 00000nam 2200000zi 4500 |
| 001 | 9.931337 |
| 003 | CaOODSP |
| 005 | 20240125155512 |
| 006 | m o d f |
| 007 | cr |n||||||||| |
| 008 | 231211s2020 onc ob f000 0 fre d |
| 040 | |aCaOODSP|bfre|erda|cCaOODSP |
| 043 | |an-cn--- |
| 086 | 1 |aNG21-11/2020F-PDF |
| 245 | 03|aLa politique de sécurité. |
| 246 | 37|aLa politique de sécurité du Musée des beaux-arts du Canada |
| 264 | 1|a[Ottawa] : |bMuseĢe des beaux-arts du Canada = National Gallery of Canada, |c[2020] |
| 300 | |a1 ressource en ligne (9 pages) |
| 336 | |atexte|btxt|2rdacontent/fre |
| 337 | |ainformatique|bc|2rdamedia/fre |
| 338 | |aressource en ligne|bcr|2rdacarrier/fre |
| 500 | |aTitre de la couverture. |
| 500 | |a« Le conseil d'administration a approuvé la politique le 8 décembre 2020. »--page couverture. |
| 500 | |aPublié aussi en anglais sous le titre : Security policy. |
| 504 | |aComprend des références bibliographiques (page 9). |
| 610 | 26|aMusée des beaux-arts du Canada|xSécurité|xMesures. |
| 710 | 2 |aMusée des beaux-arts du Canada, |eorganisme de publication. |
| 775 | 08|tSecurity policy.|w(CaOODSP)9.931335 |
| 856 | 40|qPDF|s328 Ko|uhttps://publications.gc.ca/collections/collection_2023/mbac-ngc/NG21-11-2020-fra.pdf |